Flag of Asia quiz - Statistics

General Stats
  • This quiz has been taken 28 times
    19 since last reset
  • The average score is 36 of 49
Answer Stats
Picture Answer % Correct
Afghanistan
88%
Bhutan
88%
Georgia
88%
India
88%
Japan
88%
North Korea
88%
Pakistan
88%
South Korea
88%
Thailand
88%
Turkey
88%
Armenia
75%
Azerbaijan
75%
Bangladesh
75%
Cambodia
75%
China
75%
Cyprus
75%
Iran
75%
Israel
75%
Jordan
75%
Laos
75%
Lebanon
75%
Malaysia
75%
Myanmar
75%
Nepal
75%
Oman
75%
Palestine
75%
Qatar
75%
Russia
75%
Saudi arabia
75%
Turkmenistan
75%
United Arab Emirates
75%
Uzbekistan
75%
Vietnam
75%
Bahrain
63%
Brunei
63%
East Timor
63%
Indonesia
63%
Kazakhstan
63%
Kuwait
63%
Kyrgyzstan
63%
Maldives
63%
Mongolia
63%
Philippines
63%
Singapore
63%
Sri lanka
63%
Syria
63%
Taiwan
63%
Tajikistan
63%
Yemen
63%
No matching quizzes found
Score Distribution
Percent of People with Each Score
Percentile by Number Answered
Your Score History
You have not taken this quiz since the last reset